| 000 | 00000nas 2200000zi 4500 |
| 001 | 9.931517 |
| 003 | CaOODSP |
| 005 | 20250321152018 |
| 006 | m o d f |
| 007 | cr cn||||||||| |
| 008 | 231215c20239999oncar p o f0###a0eng|d |
| 022 | |a2817-9285 |
| 040 | |aCaOODSP|beng|erda|cCaOODSP |
| 043 | |an-cn--- |
| 086 | 1 |aBC9-40E-PDF |
| 110 | 2 |aCanadian Radio-television and Telecommunications Commission.|eauthor, |eissuing body. |
| 222 | 0|aAccessibility progress report |b(Canadian Radio-Television and Telecommunications Commission) |
| 245 | 10|aAccessibility progress report / |cCanadian Radio-television and Telecommunications Commission. |
| 264 | 1|aOttawa, Ontario, Canada : |bCanadian Radio-television and Telecommunications Commission = Conseil de la radiodiffusion et des télécommunications canadiennes, |c[2023]- |
| 310 | |aAnnual |
| 336 | |atext|btxt|2rdacontent |
| 337 | |acomputer|bc|2rdamedia |
| 338 | |aonline resource|bcr|2rdacarrier |
| 362 | 1 |aBegan with: 2023. |
| 500 | |aIssued also in French under title: Rapport d'étape sur l'accessibilité. |
| 588 | |aDescription based on: 2023; title from PDF cover page. |
| 588 | |aLatest issue consulted: 2023. |
| 610 | 20|aCanadian Radio-television and Telecommunications Commission.|vPeriodicals. |
| 650 | 0|aBarrier-free design|zCanada|xPlanning|vPeriodicals. |
| 650 | 0|aPeople with disabilities|xGovernment policy|zCanada|vPeriodicals. |
| 655 | 7|aPeriodicals|2lcgft |
| 775 | 08|tRapport d'étape sur l'accessibilité / |w(CaOODSP)9.931518 |